Statistics for Formula One Drivers With 10 Or More Wins

Click here to take the quiz!

General Stats

  • This quiz has been taken 377 times
  • The average score is 23 of 33

Answer Stats

WinsDriver (Last Name*)% Correct
76Hamilton
99%
91Schumacher
98%
52Vettel
95%
41Senna
94%
51Prost
93%
32Alonso
92%
24Fangio
88%
21Raikkonen
86%
25Lauda
83%
23Rosberg
82%
20Hakkinen
80%
27Stewart
80%
31Mansell
77%
23Piquet
77%
15Button
76%
13Ascari
75%
25Clark
73%
11Massa
72%
10Hunt
70%
11Barrichello
68%
14Fittipaldi
67%
13Coulthard
66%
11Villeneuve
65%
12Andretti
62%
14Brabham
61%
16Moss
61%
22Damon Hill
59%
12Jones
56%
14Graham Hill
54%
10Berger
48%
12Reutemann
34%
10Peterson
24%
10Schekter
9%

Score Distribution

Percentile by Number Answered

Percent of People with Each Score

Your Score History

You have not taken this quiz